Most Populous Towns in Co. Wicklow - Statistics

General Stats
  • This quiz has been taken 26 times
  • The average score is 7 of 10
Answer Stats
# Town Population % Correct
4 Wicklow 12,957
100%
1 Bray 33,512
94%
2 Greystones 22,009
94%
3 Arklow 13,399
88%
5 Blessington 5,611
81%
10 Rathdrum 2,264
63%
6 Kilcoole 4,569
56%
8 Rathnew 3,482
56%
7 Newtownmountkennedy 3,539
50%
9 Baltinglass 2,611
31%
No matching quizzes found
Score Distribution
Percent of People with Each Score
Percentile by Number Answered
Your Score History
You have not taken this quiz